[Event "POR CupT 1/8f-1/4f"]
[Site "Torres Novas"]
[Date "2015.05.23"]
[Round "3.3"]
[White "Gomes, Miguel"]
[Black "Khaler, Uwe"]
[Result "1/2-1/2"]
[WhiteElo "2248"]
[BlackElo "1842"]
[PlyCount "52"]
[EventDate "2015.05.23"]
[EventType "team-k.o."]
[EventRounds "6"]
[EventCountry "POR"]
[SourceTitle "EXT 2018"]
[Source "ChessBase"]
[SourceDate "2017.10.13"]
[SourceVersion "1"]
[SourceVersionDate "2017.10.13"]
[SourceQuality "1"]
[WhiteTeam "CX A2D"]
[BlackTeam "Clube dos Galitos"]
[WhiteTeamCountry "POR"]
[BlackTeamCountry "POR"]

1. d4 d5 2. Nf3 Nf6 3. c4 e6 4. Bg5 Be7 5. e3 h6 6. Bh4 0-0 7. Bd3 dxc4 8. Bxc4 c5 9. 0-0 Qb6 10. Qe2 Nc6 11. dxc5 Qxc5 12. Nc3 Rd8 13. Rac1 Bd7 14. Bb3 Qh5 15. Bg3 Rac8 16. e4 e5 17. Nxe5 Qxe2 18. Nxe2 Nxe5 19. Bxe5 Bb5 20. Rxc8 Rxc8 21. Rc1 Rxc1+ 22. Nxc1 Nxe4 23. Bd5 Nc5 24. Nb3 Nxb3 25. axb3 b6 26. Bb8 a5 1/2-1/2